LEADER 00764nam a2200193 i 4500 001 000000224720 003 CaOOAMICUS 005 20131108000000.0 008 131108s1834 it u000 u ita u 013 $a203618 040 $aSeMil$bita 245 10$aVol. 2. 300 $a292 p. 490 0 $aCollezione di manuali componenti una enciclopedia di scienze lettere 773 0 $aFontana, Antonio <1784-1865>$tManuale per l'educazione umana.$dMilano : per Antonio Fontana, 1834.$g2$w()29099 830 0$aCollezione di manuali componenti una enciclopedia di scienze lettere.$0(OLS)http://semarc/title/17627 850 $aSeMil 852 $aSeMil$W1$xVenegono$y1$m2R II 3 FA$j175066$B175066$CSeMilBibl$Z2$F185033 $8I 996 $6245$aVol. 2$9(OLS)http://semarc/title/13458 LEADER 02933nam a2200385 i 4500 001 000000005436 003 CaOOAMICUS 005 20260305104334.0 008 180830s1690 gw u000 u lat u 040 $aSeMil$bita 041 1 $alat$agrc 100 0 $aGregorius : Nazianzenus,$c.$0(OLS)http://semarc/name/1178 245 10$aTou en agiois patros emon Gregoriou Nazianzenou ta euriskomena. Sancti patris nostri Gregorii Nazianzeni theologi, opera. Jac. Billius Prunaeus, ... emendavit, interpretatus est, una cum doctissimis Graecorum Nicetae Serronii, Pselli, Nonii, & Eliae Cretensis commentariis. 246 0 $iTit. sul vol. 1: $aSancti patris nostri Gregorii Nazianzeni Opera graec. lat. 260 $aColoniae :$bSumptibus Mauritii Georgii Weidmanni,$c1690. 300 $a2 v. ;$cfol. 500 $aCors. ; rom. ; gr. 500 $aMarca: Globo terrestre e globo celeste. In cornice. Iniziali del tip. In basso G.W. Motto: Unus non sufficit. Animo metitur utrumque. (Repertorio consultato: Marques d'impressors, catalogo online, Univ. di Barcellona) 500 $aIniz., testatine xilogr. 500 $aTesto greco e latino su due colonne 500 $aFront. stampati in rosso e nero 700 1 $aMorel, Frédéric,$d<1558-1630>.$0(OLS)http://semarc/name/3084 700 1 $aBilly, Jacques : de,$d<1635-1581>.$0(OLS)http://semarc/name/3085 700 1 $aElias : Cretensis.$0(OLS)http://semarc/name/3086 700 1 $aPsellos, Micha?l,$d.$0(OLS)http://semarc/name/3087 700 1 $aNonnus : Panapolitanus,$d.$0(OLS)http://semarc/name/3089 700 1 $aBöcklin, Johann Christoph .$0(OLS)http://semarc/name/3091 700 1 $aNicétas : Heracleensis.$0(OLS)http://semarc/name/3088 710 0 $aWeidmann, Moritz Georg <2. ; Editore>.$0(OLS)http://semarc/name/3090 774 0 $tTou en agiois patros emon Gregoriou Nazianzenou ta euriskomena. Sancti patris nostri Gregorii Nazianzeni theologi, Opera. Jac. Billius Prunaeus, S. Michaelis in eremo coenobiarcha ... emendavit ... [Tomus 1].$g1$w()72256 774 0 $tTomus secundus. Quo poemata omnia graece & latine, una cum doctissimis Graecorum Nicetae Serronii, Psellii, Nonii, Eliae Cretensis & Jacobi Billii commentariis in omnis ejusdem Gregorii scripta, continentur. Cum duplici indice in poemata commentarios.$g2$w()225410 996 $6245$aTou en agiois patros emon Gregoriou Nazianzenou ta euriskomena. Sancti patris nostri Gregorii Nazianzeni theologi, opera. Jac. Billius Prunaeus, ... emendavit, interpretatus est, una cum doctissimis Graecorum Nicetae Serronii, Pselli, Nonii, & Eliae Cretensis commentariis$9(OLS)http://semarc/title/7623 996 $6246$aSancti patris nostri Gregorii Nazianzeni Opera graec. lat.$9(OLS)http://semarc/title/7624 996 $6260$aColoniae :$bSumptibus Mauritii Georgii Weidmanni$9(OLS)http://semarc/publisher/31507